| 000 | 00384pam a2200157 a 4500 | ||
|---|---|---|---|
| 020 |
_a9789350903711 _c |
||
| 041 | _h | ||
| 082 |
_a617.3 _bBAB / TAN |
||
| 100 | _aBABULKAR S.,TANNAD.D. | ||
| 245 |
_aPROXIMAL FEMORAL FRACTURES _hTextual Documents |
||
| 250 | _a1. | ||
| 260 |
_bJAYPEE BROTHERS MEDICAL PUB. _c2013 |
||
| 300 |
_a226: _bXIV; _cPB. |
||
| 930 | _a6449 | ||
| 999 |
_c800976 _d800976 |
||
| 650 | _aORTHO | ||